| 000 | 00672nam a22002057a 4500 | ||
|---|---|---|---|
| 005 | 20231031094150.0 | ||
| 008 | 230817b |||||||| |||| 00| 0 eng d | ||
| 020 | _a9780409049916 | ||
| 041 | _aEnglish | ||
| 082 | _a340.1 LEW | ||
| 100 |
_aHoffmann, IM _lEnglish |
||
| 245 |
_aLewis and Kyrou's Handy Hints on legal practice / _cIM Hoffmann |
||
| 250 | _aSecond South African Edition | ||
| 260 |
_aSouth Africa : _bLexisNexis, _c2011 |
||
| 300 |
_bxxiii, 463 pages ; _c24 cm. |
||
| 500 | _aIncludes Index Includes Tables of cases | ||
| 650 |
_blegal practice _aLaw |
||
| 710 | _aAttorney and conveyancer of the High Court of South Africa | ||
| 942 |
_cBK _6EMILLIE |
||
| 999 |
_c2 _d2 |
||